000
00290nam a2200109 4500
999
_c
507634
_d
507634
082
_a
L1 1971-72
100
_a
India. Ministry of Finance
_9
2101
245
_a
Budget, India, 1971-72
_c
by Ministry of Finance
260
_a
New Delhi
_b
Government of India
_c
1971
300
_a
v.p.
942
_2
ddc